[Event "RSA-chT Regions"]
[Site "Cape Town"]
[Date "2016.01.09"]
[Round "4.4"]
[White "Moremi, Thato"]
[Black "De Beer, Ineke"]
[Result "1/2-1/2"]
[WhiteElo "1482"]
[BlackElo "1213"]
[PlyCount "48"]
[EventDate "2016.01.08"]
[EventType "team-swiss"]
[EventRounds "7"]
[EventCountry "RSA"]
[SourceTitle "CBM 170 Extra"]
[Source "ChessBase"]
[SourceDate "2016.02.25"]
[SourceVersion "1"]
[SourceVersionDate "2016.02.25"]
[SourceQuality "1"]
[WhiteTeam "Johannesburg Metro II"]
[BlackTeam "Tshwane Daisies"]
[WhiteTeamCountry "RSA"]
[BlackTeamCountry "RSA"]

1. d4 d5 2. Bf4 Nc6 3. e3 Nf6 4. c3 Bf5 5. Bd3 Bxd3 6. Qxd3 e6 7. Nd2 Be7 8. Ngf3 0-0 9. h3 h6 10. Ne5 Nxe5 11. Bxe5 c5 12. Bxf6 Bxf6 13. dxc5 Rc8 14. b4 a5 15. Rc1 axb4 16. cxb4 d4 17. e4 e5 18. 0-0 Bg5 19. Ra1 b6 20. Nc4 bxc5 21. Nxe5 cxb4 22. Nf3 Rc3 23. Qxd4 Qxd4 24. Nxd4 Rc4 1/2-1/2